ბათუმის შოთა რუსთაველის სახელმწიფო უნივერსიტეტის ბიბლიოთეკა

მეთოდური მითითებები რკინაბეტონის ერთსართულიანი სამრეწველო კარკასული შენობის განივი ჩარჩოს გაანგარიშებაში / (ბიბ.ჩანაწერი № 51024)

000 -ლიდერი
ფიქსირებული სიგრძის საკონტროლო ველი 01272nam a2200205Ia 4500
001 - საკონტროლო ნომერი
საკონტროლო ველი 17981
003 - საკონტროლო ნომრის იდენტიფიკატორი
საკონტროლო ველი GE_BSU
005 - ბოლო ოპერაციის თარიღი და დრო
საკონტროლო ველი 20190427204800.0
008 - ფიქსირებული სიგრძის მონაცემთა ელემენტები - ზოგადი ინფორმაცია
ფიქსირებული სიგრძის საკონტროლო ველი 181216s1990||||ge |||||||||||||| ||geo||
040 ## - კატალოგიზაციის წყარო
Transcribing agency GE_BSU
041 ## - ენის კოდი
Language code of text/sound track or separate title geo
080 ## - უნივერსალური ათობითი კლასიფიკაციის ინდექსი
Universal Decimal Classification number 624.012.4(072) მ-50
245 ## - ცნობა სათაურის შესახებ
Title მეთოდური მითითებები რკინაბეტონის ერთსართულიანი სამრეწველო კარკასული შენობის განივი ჩარჩოს გაანგარიშებაში /
Statement of responsibility, etc შემდგენ. ლ. ავალიშვილი
264 ## - წარმოების, გამოცემის, დისტრიბუციის და სხვა ცნობები
გამოცემის, წარმოების, დისტრიბუციის... ადგილი თბილისი :
გამოცემის, წარმოების, დისტრიბუციის... თარიღი 1990.
300 ## - ფიზიკური აღწერა
Extent 64 გვ. :
Other physical details ნახაზები ;
Dimensions 20 სმ.
653 ## - INDEX TERM--UNCONTROLLED
Uncontrolled term მეთოდური მითითებები რკინაბეტონის ერთსართულიანი სამრეწველო კარკასული შენობის განივი ჩარჩოს გაანგარიშებაში
653 ## - INDEX TERM--UNCONTROLLED
Uncontrolled term სამრეწველო კარკასული შენობები
700 ## - ADDED ENTRY--PERSONAL NAME
Personal name ავალიშვილი, ლ.
Relator term შემდგენელი
9 (RLIN) 509
942 ## - ADDED ENTRY ELEMENTS (KOHA)
Koha item type წიგნი
Source of classification or shelving scheme
ეგზემპლარები
ჩამოწერის სტატუსი დაკარგული ეგზემპლარის სტატუსი კლასიფიკაციის წყარო ან თაროზე გაწყობის სქემა დაზიანების სტატუსი არ გაიცემა მუდმივი მდებარეობა (დაცვის ადგილი) ამჟამინდელი ადგილსამყოფელი თაროზე განთავსების ადგილი შეძენის თარიღი ღირებულება, შესყიდვის ნორმალური ფასი სრული შენახვის შიფრი შტრიხკოდი ბოლო ოპერაციის თარიღი ეგზემპლარის მიმდევრობითი ნომერი (კეტერი?) ფასის ძალაში შესვლის თარიღი ეგზემპლარის სახეობა საჯარო შენიშვნა
          ბათუმის შოთა რუსთაველის სახელმწიფო უნივერსიტეტის მთავარი ბიბლიოთეკა ტექნოლოგიური ფაკულტეტის ბიბლიოთეკა წიგნსაცავი 2018-12-17 0.16 624.012.4(072) მ-50 11503 2018-12-17 11503 2018-12-17 წიგნი 0.16 ლ.
          ბათუმის შოთა რუსთაველის სახელმწიფო უნივერსიტეტის მთავარი ბიბლიოთეკა ტექნოლოგიური ფაკულტეტის ბიბლიოთეკა წიგნსაცავი 2018-12-17 0.16 624.012.4(072) მ-50 11501 2018-12-17 11501 2018-12-17 წიგნი 0.16 ლ.
          ბათუმის შოთა რუსთაველის სახელმწიფო უნივერსიტეტის მთავარი ბიბლიოთეკა ტექნოლოგიური ფაკულტეტის ბიბლიოთეკა წიგნსაცავი 2018-12-17 0.16 624.012.4(072) მ-50 11502 2018-12-17 11502 2018-12-17 წიგნი 0.16 ლ.